| 000 | 00971nab a22002057a 4500 | ||
|---|---|---|---|
| 999 |
_c5778 _d5778 |
||
| 003 | OSt | ||
| 005 | 20260106125617.0 | ||
| 008 | 190514b xxu||||| |||| 00| 0 spa d | ||
| 040 | _cPJ | ||
| 100 |
_96689 _aQuain, Evelyn V. |
||
| 245 | 1 | 3 |
_aEl delito de estafa procesal, el divorcio y la necesidad de una excusa absolutoria con perspectiva de género / _cEvelyn V. Quain. |
| 300 | _ap. 19-28 | ||
| 505 | _aSumario: I. Introducción.— II. La estafa procesal en el sistema penal argentino.— III. La complejidad de la sanción penal de la estafa procesal en el marco de los efectos patrimoniales del divorcio.— IV. A modo de conclusión. | ||
| 505 | _tSi te interesa el texto, comunicate a koha@justierradelfuego.gov.ar | ||
| 650 | 0 |
_96325 _aESTAFA PROCESAL |
|
| 650 | 0 |
_aDIVORCIO _9977 |
|
| 650 | 0 |
_aPERSPECTIVA DE GÉNERO _94044 |
|
| 773 | 0 |
_02844 _93222 _dBuenos Aires : AbeledoPerrot, 1989- _tDerecho de familia. N° 115 - Julio 2024 _z18511201 |
|
| 942 |
_2udc _cANA |
||